| 000 | 00666nam a22002057a 4500 | ||
|---|---|---|---|
| 003 | OSt | ||
| 005 | 20250919031400.0 | ||
| 008 | 250919b |||||||| |||| 00| 0 eng d | ||
| 020 | _a0-7868-6204-1 | ||
| 040 |
_aDWCL-Main Lib _cOC |
||
| 082 | _aCirc. 813.54 P367 1996 | ||
| 100 | _aPeck, M. Scott | ||
| 245 |
_aIn heaven as on earth : _ba vision of the afterlife, 1st ed. |
||
| 260 |
_aNew York : _bHyperion, _c c1996 |
||
| 300 |
_a224 pages : _c21 cm. |
||
| 650 | _2Future life | ||
| 650 | _2Near death experience--fiction | ||
| 650 | _2Spiritual life | ||
| 942 |
_2ddc _cBK-CIRC _e1st edition _hCirc. 813.54 P367 1996 _kCirc. _n0 |
||
| 999 |
_c4489 _d4489 |
||